000 00371nam a2200145Ia 4500
008 150201s1993 xx 000 0 und d
082 _a612.015
_bB1993C
100 _aCAMPBELL,PETER N.
245 _aBIOCHEMISTRY ILLUSTRATED
250 _a3RD
260 _bELBS-CHURCHILL PUBLICATION
_aEDINBURGH
_c1993
300 _a1-305
650 _aBIOCHEMISTRY
942 _2ddc
_cBK
_03
999 _c3647
_d3647